| 000 | 00582nam a2200241Ia 4500 | ||
|---|---|---|---|
| 003 | OSt | ||
| 005 | 20231129111154.0 | ||
| 008 | 210210b1903 xxu||||| |||| 00| 0 eng d | ||
| 040 | _cAL | ||
| 041 | _aeng | ||
| 082 | _a821/367 | ||
| 100 |
_aLONGFELLOW (H W) _9143740 |
||
| 245 | _aPoetical works Vol I | ||
| 260 |
_aLondon _bOxford University Press _c1903 |
||
| 440 |
_aI _9143741 |
||
| 650 |
_aworks _9143742 |
||
| 650 |
_aVol _9143743 |
||
| 650 |
_aPoetical _9143744 |
||
| 650 |
_aI _9143745 |
||
| 690 |
_aEnglish Literature _9143746 |
||
| 906 | _a011536 | ||
| 942 |
_2ddc _cBK |
||
| 999 |
_c130213 _d130213 |
||